[Event "1st 4NCL Easter Congress"]
[Site "Stevenage"]
[Date "2019.04.21"]
[Round "5"]
[Board "7"]
[White "Gogia, Armaan"]
[Black "Johnson, Richard J"]
[Result "0-1"]
[WhiteElo "1816"]
[BlackElo "1922"]
[PlyCount "0"]
[EventDate "2019.04.19"]
[EventRounds "7"]
[EventCountry "ENG"]

1. e4 {[%clk 01:30:58]} {[%emt 00:00:02]} c5 {[%clk 01:30:56]} {[%emt
00:00:04]} 2. Nf3 {[%clk 01:31:19]} {[%emt 00:00:09]} e6 {[%clk 01:31:21]}
{[%emt 00:00:05]} 3. d4 {[%clk 01:31:29]} {[%emt 00:00:20]} cxd4 {[%clk
01:31:47]} {[%emt 00:00:04]} 4. Nxd4 {[%clk 01:31:54]} {[%emt 00:00:04]} a6
{[%emt 00:00:10]} 5. Bd3 {[%clk 01:32:16]} {[%emt 00:00:02]} Nf6 {[%clk
01:32:25]} {[%emt 00:00:19]} 6. Qe2 {[%clk 01:32:36]} {[%emt 00:00:09]} d6
{[%clk 01:30:53]} {[%emt 00:02:02]} 7. O-O {[%clk 01:32:47]} {[%emt 00:00:19]}
Be7 {[%clk 01:31:17]} {[%emt 00:00:06]} 8. c4 {[%clk 01:33:14]} {[%emt
00:00:04]} O-O {[%clk 01:31:35]} {[%emt 00:00:12]} 9. Nc3 {[%clk 01:32:59]}
{[%emt 00:00:45]} Qc7 {[%clk 01:28:35]} {[%emt 00:03:30]} 10. Be3 {[%clk
01:27:04]} {[%emt 00:06:25]} b6 {[%clk 01:25:30]} {[%emt 00:03:36]} 11. f4
{[%clk 01:23:44]} {[%emt 00:03:50]} Bb7 {[%clk 01:20:58]} {[%emt 00:05:02]} 12.
f5 {[%clk 01:21:50]} {[%emt 00:02:23]} e5 {[%clk 01:20:59]} {[%emt 00:00:29]}
13. Nc2 {[%clk 01:21:26]} {[%emt 00:00:54]} Nbd7 {[%clk 01:20:15]} {[%emt
00:01:14]} 14. g4 {[%clk 01:18:17]} {[%emt 00:03:38]} Nc5 {[%clk 01:20:39]}
{[%emt 00:00:06]} 15. Nb4 {[%clk 01:10:39]} {[%emt 00:08:08]} Nxd3 {[%clk
01:09:41]} {[%emt 00:11:28]} 16. Qxd3 {[%clk 01:09:59]} {[%emt 00:01:10]} h6
{[%clk 01:04:16]} {[%emt 00:05:55]} 17. g5 {[%clk 00:58:31]} {[%emt 00:11:58]}
hxg5 {[%clk 01:04:39]} {[%emt 00:00:07]} 18. Bxg5 {[%clk 00:58:54]} {[%emt
00:00:07]} Qc5+ {[%clk 01:00:30]} {[%emt 00:04:39]} 19. Be3 {[%clk 00:46:42]}
{[%emt 00:12:42]} Qxb4 {[%clk 01:00:55]} {[%emt 00:00:05]} 20. a3 {[%clk
00:46:58]} {[%emt 00:00:15]} Qb3 {[%clk 01:01:16]} {[%emt 00:00:09]} 21. a4
{[%clk 00:43:12]} {[%emt 00:04:16]} Rac8 {[%clk 00:59:03]} {[%emt 00:02:42]} 22.
c5 {[%clk 00:43:10]} {[%emt 00:00:32]} dxc5 {[%clk 00:55:30]} {[%emt 00:04:03]}
23. Ra3 {[%clk 00:43:14]} {[%emt 00:00:26]} Qb4 {[%clk 00:54:27]} {[%emt
00:01:32]} 24. Na2 {[%clk 00:43:32]} {[%emt 00:00:12]} Qxe4 {[%clk 00:54:37]}
{[%emt 00:00:20]} 25. Qxe4 {[%clk 00:41:21]} {[%emt 00:02:41]} Bxe4 {[%clk
00:54:51]} {[%emt 00:00:16]} 26. Rb3 {[%clk 00:40:07]} {[%emt 00:01:44]} Nd5
{[%clk 00:55:07]} {[%emt 00:00:14]} 27. Bd2 {[%clk 00:40:17]} {[%emt 00:00:20]}
c4 {[%clk 00:55:09]} {[%emt 00:00:29]} 28. Rg3 {[%clk 00:40:31]} {[%emt
00:00:15]} Bc5+ {[%clk 00:55:34]} {[%emt 00:00:05]} 29. Rf2 {[%clk 00:40:34]}
{[%emt 00:00:27]} Bxf5 {[%clk 00:55:43]} {[%emt 00:00:21]} 30. Nc3 {[%clk
00:40:34]} {[%emt 00:00:30]} Nxc3 {[%clk 00:55:46]} {[%emt 00:00:28]} 31. bxc3
{[%clk 00:40:34]} {[%emt 00:00:29]} Bxf2+ {[%clk 00:54:49]} {[%emt 00:01:27]}
32. Kxf2 {[%clk 00:40:58]} {[%emt 00:00:06]} Rfd8 {[%clk 00:54:11]} {[%emt
00:01:08]} 33. Be3 {[%clk 00:41:17]} {[%emt 00:00:11]} Rc6 {[%clk 00:54:22]}
{[%emt 00:00:20]} 34. Rg5 {[%clk 00:41:33]} {[%emt 00:00:14]} Bc2 {[%clk
00:52:18]} {[%emt 00:02:34]} 35. a5 {[%clk 00:41:44]} {[%emt 00:00:19]} f6
{[%clk 00:52:00]} {[%emt 00:00:48]} 36. Rg4 {[%clk 00:41:29]} {[%emt 00:00:45]}
bxa5 {[%clk 00:51:47]} {[%emt 00:00:43]} 37. Bh6 {[%clk 00:41:48]} {[%emt
00:00:11]} Rd7 {[%clk 00:52:10]} {[%emt 00:00:07]} 38. Bc1 {[%clk 00:42:08]}
{[%emt 00:00:11]} Kf7 {[%clk 00:51:03]} {[%emt 00:01:37]} 39. h4 {[%clk
00:42:26]} {[%emt 00:00:11]} Rd3 {[%clk 00:51:06]} {[%emt 00:00:27]} 40. Ke2
{[%clk 00:42:39]} {[%emt 00:00:18]} Bd1+ {[%clk 00:51:26]} {[%emt 00:00:10]} 41.
Ke1 {[%clk 00:42:55]} {[%emt 00:00:12]} Bxg4 {[%clk 00:51:53]} {[%emt
00:00:04]} 42. Bb2 {[%clk 00:43:17]} {[%emt 00:00:08]} Rb6 {[%clk 00:52:12]}
{[%emt 00:00:12]} 43. Bc1 {[%clk 00:43:39]} {[%emt 00:00:08]} Rb1 {[%clk
00:52:34]} {[%emt 00:00:07]} 44. h5 {[%clk 00:44:00]} {[%emt 00:00:08]} Rxc1+
{[%clk 00:52:57]} {[%emt 00:00:08]} 45. Kf2 {[%clk 00:44:18]} {[%emt 00:00:12]}
Rc2+ {[%clk 00:53:21]} {[%emt 00:00:06]} 46. Kg1 {[%clk 00:44:41]} {[%emt
00:00:06]} Rd1# {[%clk 00:53:48]}  0-1

[Event "1st 4NCL Easter Congress"]
[Site "Stevenage"]
[Date "2019.04.21"]
[Round "5"]
[Board "8"]
[White "Slinger, Aj (Tony)"]
[Black "Neatherway, A Philip"]
[Result "1/2-1/2"]
[WhiteElo "1859"]
[BlackElo "1793"]
[PlyCount "0"]
[EventDate "2019.04.19"]
[EventRounds "7"]
[EventCountry "ENG"]

1. d4 {[%clk 01:30:30]} {[%emt 01:36:00]} Nf6 {[%clk 01:29:29]} {[%emt
00:01:32]} 2. Nf3 {[%clk 01:31:21]} {[%emt 00:00:09]} g6 {[%clk 01:29:54]}
{[%emt 00:00:06]} 3. g3 {[%clk 01:31:37]} {[%emt 00:00:14]} Bg7 {[%clk
01:30:17]} {[%emt 00:00:07]} 4. Bg2 {[%clk 01:32:01]} {[%emt 00:00:05]} O-O
{[%clk 01:30:38]} {[%emt 00:00:09]} 5. O-O {[%clk 01:32:07]} {[%emt 00:00:24]}
d5 {[%clk 01:30:22]} {[%emt 00:00:46]} 6. c4 {[%clk 01:31:53]} {[%emt
00:00:45]} c6 {[%clk 01:30:22]} {[%emt 00:00:30]} 7. Nc3 {[%clk 01:26:45]}
{[%emt 00:05:38]} Na6 {[%clk 01:22:42]} {[%emt 00:08:09]} 8. cxd5 {[%clk
01:26:20]} {[%emt 00:00:56]} cxd5 {[%clk 01:19:51]} {[%emt 00:03:21]} 9. Qb3
{[%clk 01:24:25]} {[%emt 00:02:24]} e6 {[%clk 01:14:15]} {[%emt 00:06:07]} 10.
Bf4 {[%clk 01:20:18]} {[%emt 00:04:36]} Nh5 {[%clk 01:09:47]} {[%emt 00:04:59]}
11. Rfc1 {[%clk 01:17:25]} {[%emt 00:03:23]} Nxf4 {[%clk 01:04:22]} {[%emt
00:05:54]} 12. gxf4 {[%clk 01:16:41]} {[%emt 00:01:14]} b6 {[%clk 00:59:23]}
{[%emt 00:05:29]} 13. Nb5 {[%clk 01:10:47]} {[%emt 00:06:23]} Bb7 {[%clk
00:53:21]} {[%emt 00:06:34]} 14. Rc2 {[%clk 01:05:22]} {[%emt 00:05:55]} Qe7
{[%clk 00:52:40]} {[%emt 00:01:11]} 15. a3 {[%clk 01:05:32]} {[%emt 00:00:20]}
Rfc8 {[%clk 00:47:09]} {[%emt 00:06:00]} 16. Rac1 {[%clk 01:05:46]} {[%emt
00:00:16]} Rxc2 {[%clk 00:46:02]} 17. Rxc2 {[%clk 01:06:11]} {[%emt 00:01:43]}
Rc8 {[%clk 00:41:36]} {[%emt 00:04:56]} 18. e3 {[%clk 00:54:29]} {[%emt
00:12:11]} Qd7 {[%clk 00:38:28]} {[%emt 00:03:38]} 19. Bf1 {[%clk 00:44:53]}
{[%emt 00:10:06]} Rxc2 {[%clk 00:27:19]} {[%emt 00:11:38]} 20. Qxc2 {[%clk
00:45:17]} {[%emt 00:00:06]} f6 {[%clk 00:27:46]} {[%emt 00:00:03]} 21. Nc3
{[%clk 00:39:21]} {[%emt 00:06:27]}  1/2-1/2

[Event "1st 4NCL Easter Congress"]
[Site "Stevenage"]
[Date "2019.04.21"]
[Round "5"]
[Board "10"]
[White "Kapoor, Gurveen"]
[Black "Flynn, David"]
[Result "1-0"]
[WhiteElo "1764"]
[BlackElo "1871"]
[PlyCount "0"]
[EventDate "2019.04.19"]
[EventRounds "7"]
[EventCountry "ENG"]

1. g3 {[%clk 01:30:57]} {[%emt 00:00:03]} g6 {[%clk 01:29:48]} {[%emt
00:01:13]} 2. Bg2 {[%clk 01:31:21]} {[%emt 00:00:05]} Bg7 {[%clk 01:30:13]}
{[%emt 00:00:06]} 3. Nc3 {[%clk 01:31:46]} {[%emt 00:00:05]} c5 {[%clk
01:29:41]} {[%emt 00:01:01]} 4. Nf3 {[%clk 01:30:12]} {[%emt 00:02:04]} Nc6
{[%clk 01:27:58]} {[%emt 00:02:14]} 5. O-O {[%clk 01:27:20]} {[%emt 00:03:23]}
d5 {[%clk 01:22:39]} {[%emt 00:05:48]} 6. a3 {[%clk 01:17:57]} {[%emt
00:09:53]} Nf6 {[%clk 01:15:15]} {[%emt 00:07:54]} 7. d4 {[%clk 01:00:23]}
{[%emt 00:18:03]} cxd4 {[%clk 01:08:55]} {[%emt 00:06:51]} 8. Nxd4 {[%clk
01:00:38]} {[%emt 00:00:14]} O-O {[%clk 01:07:10]} {[%emt 00:02:16]} 9. Nb3
{[%clk 00:50:12]} {[%emt 00:10:57]} e6 {[%clk 00:58:53]} {[%emt 00:08:47]} 10.
Be3 {[%clk 00:43:33]} {[%emt 00:07:08]} Ng4 {[%clk 00:55:53]} {[%emt 00:03:29]}
11. Bc5 {[%clk 00:41:31]} {[%emt 00:02:32]} Re8 {[%clk 00:54:38]} {[%emt
00:01:45]} 12. e4 {[%clk 00:39:40]} {[%emt 00:02:22]} Nf6 {[%clk 00:49:13]}
{[%emt 00:05:55]} 13. Rb1 {[%clk 00:18:53]} {[%emt 00:21:17]} dxe4 {[%clk
00:38:27]} {[%emt 00:11:16]} 14. Qe2 {[%clk 00:15:46]} {[%emt 00:03:37]} Nd5
{[%clk 00:31:44]} {[%emt 00:07:13]} 15. Nxe4 {[%clk 00:15:30]} {[%emt
00:00:46]} b6 {[%clk 00:28:32]} {[%emt 00:03:42]} 16. Nd6 {[%clk 00:15:37]}
{[%emt 00:00:23]} bxc5 {[%clk 00:28:45]} {[%emt 00:00:17]} 17. Nxe8 {[%clk
00:16:01]} {[%emt 00:00:06]} Qxe8 {[%clk 00:29:07]} {[%emt 00:00:09]} 18. Bxd5
{[%clk 00:16:26]}  1-0

[Event "1st 4NCL Easter Congress"]
[Site "Stevenage"]
[Date "2019.04.21"]
[Round "5"]
[Board "11"]
[White "Sandhu, Manvith"]
[Black "Cawston, M John"]
[Result "0-1"]
[WhiteElo "1564"]
[BlackElo "1837"]
[PlyCount "56"]
[EventDate "2019.04.19"]
[EventRounds "7"]
[EventCountry "ENG"]

1. e4 e6 2. d4 d5 3. Bd3 dxe4 4. Bxe4 Nf6 5. Bf3 Be7 6. Ne2 O-O 7. O-O c5 8.
Be3 Qb6 9. Qc1 Nc6 10. dxc5 Bxc5 11. Bxc5 Qxc5 12. Rd1 Ne5 13. Nbc3 Nxf3+ 14.
gxf3 Bd7 15. Ne4 Nxe4 16. fxe4 Bc6 17. Nc3 f5 18. Qe3 Qxe3 19. fxe3 fxe4 20.
Rd4 Rf3 21. Re1 Raf8 22. Nxe4 e5 23. Rb4 a5 24. Rc4 Bd5 25. Ra4 b5 26. Rxa5
Bxe4 27. Rxb5 R8f5 28. c3 Rg5+  0-1

[Event "1st 4NCL Easter Congress"]
[Site "Stevenage"]
[Date "2019.04.21"]
[Round "5"]
[Board "12"]
[White "Somton, Anita"]
[Black "Valjee, Ashir V"]
[Result "1-0"]
[WhiteElo "1780"]
[BlackElo "1462"]
[PlyCount "63"]
[EventDate "2019.04.19"]
[EventRounds "7"]
[EventCountry "ENG"]

1. d4 Nf6 2. Nf3 g6 3. c4 Bg7 4. Nc3 O-O 5. e4 d6 6. Be2 e5 7. d5 a5 8. O-O Na6
9. Bg5 h6 10. Bh4 Qe8 11. Nd2 Nc5 12. Qc2 Bd7 13. b3 Nh7 14. a3 f5 15. b4 Na4
16. f3 Nxc3 17. Qxc3 g5 18. Bf2 f4 19. bxa5 h5 20. Rab1 g4 21. Rxb7 Qg6 22.
fxg4 hxg4 23. Rxc7 Rf7 24. g3 Raf8 25. Bd1 Qh6 26. Rxd7 f3 27. Rxf7 Rxf7 28.
Be3 Qh3 29. Rf2 Nf6 30. a6 Bf8 31. a7 Nh5 32. Nf1  1-0

[Event "1st 4NCL Easter Congress"]
[Site "Stevenage"]
[Date "2019.04.21"]
[Round "5"]
[Board "13"]
[White "Hammond, Benjamin"]
[Black "Brocklehurst, Andrew"]
[Result "1-0"]
[WhiteElo "1551"]
[BlackElo "1900"]
[PlyCount "139"]
[EventDate "2019.04.19"]
[EventRounds "7"]
[EventCountry "ENG"]

1. e4 c5 2. c3 d6 3. d4 cxd4 4. cxd4 e6 5. Nf3 Nf6 6. Nc3 a6 7. Bd3 Be7 8. O-O
Nc6 9. Bg5 h6 10. Be3 Bd7 11. Rc1 Rc8 12. Bb1 Ng4 13. Bf4 e5 14. dxe5 Ngxe5 15.
Nxe5 dxe5 16. Bg3 O-O 17. Nd5 Be6 18. Qd3 f5 19. Nxe7+ Qxe7 20. exf5 Bxf5 21.
Qb3+ Qf7 22. Qxf7+ Rxf7 23. Bxf5 Rxf5 24. Rfe1 Re8 25. Re4 g5 26. Rce1 Kf7 27.
h3 h5 28. f3 Rf6 29. Bxe5 Rfe6 30. Bc3 Rxe4 31. Rxe4 Rxe4 32. fxe4 a5 33. Kf2
b5 34. a3 b4 35. axb4 axb4 36. Bd2 Ne5 37. Ke2 g4 38. hxg4 hxg4 39. Bxb4 Ke6
40. Bc3 Nc4 41. Kf2 Nd6 42. Kg3 Nxe4+ 43. Kxg4 Nd6 44. Kf4 Nc8 45. g4 Ne7 46.
Kg5 Kf7 47. Kh6 Kg8 48. g5 Nc8 49. b4 Na7 50. g6 Nb5 51. Be5 Na7 52. g7 Nc6 53.
Bd6 Nd8 54. Bf8 Nf7+ 55. Kh5 Ne5 56. b5 Nc4 57. Kg5 Kf7 58. Kf5 Nd6+ 59. Ke5
Nc4+ 60. Kd4 Na5 61. Kc5 Nb3+ 62. Kb6 Nd4 63. Ka6 Ne6 64. b6 Nd8 65. b7 Nc6 66.
Kb6 Nb8 67. Ka7 Nc6+ 68. Ka8 Ne5 69. b8=Q Ng6 70. Qb3+  1-0

[Event "1st 4NCL Easter Congress"]
[Site "Stevenage"]
[Date "2019.04.21"]
[Round "5"]
[Board "14"]
[White "Nwachukwu, Chino"]
[Black "Zhu, Hou Ning"]
[Result "1-0"]
[WhiteElo "1899"]
[BlackElo "1475"]
[PlyCount "33"]
[EventDate "2019.04.19"]
[EventRounds "7"]
[EventCountry "ENG"]

1. e4 c5 2. Nf3 g6 3. d4 cxd4 4. Nxd4 Bg7 5. c4 Nc6 6. Be3 Nf6 7. Nc3 O-O 8.
Be2 d6 9. f3 Bd7 10. Qd2 Nxd4 11. Bxd4 a5 12. g4 Bc6 13. h4 h5 14. O-O-O hxg4
15. h5 Nxh5 16. Bxg7 Kxg7 17. fxg4  1-0

[Event "1st 4NCL Easter Congress"]
[Site "Stevenage"]
[Date "2019.04.21"]
[Round "5"]
[Board "15"]
[White "Stephenson, David W"]
[Black "Sheikh, Anum"]
[Result "0-1"]
[WhiteElo "1829"]
[BlackElo "1651"]
[PlyCount "58"]
[EventDate "2019.04.19"]
[EventRounds "7"]
[EventCountry "ENG"]

1. e4 Nf6 2. Nc3 e5 3. Bc4 Nxe4 4. Qh5 Nd6 5. Bb3 Be7 6. Qxe5 O-O 7. Nf3 Bf6 8.
Qg3 Re8+ 9. Kd1 Bxc3 10. dxc3 Ne4 11. Qf4 Nxf2+ 12. Kd2 Nxh1 13. Bxf7+ Kh8 14.
Bxe8 Qxe8 15. Ng5 d6 16. Qc4 h6 17. Nf7+ Kh7 18. Qd3+ Kg8 19. Nxh6+ gxh6 20.
Qf1 Bg4 21. c4 Nc6 22. Qxh1 Qe5 23. Qf1 Re8 24. c3 Bf5 25. Qf2 Qe4 26. Kd1 Bg4+
27. Kd2 Ne5 28. b3 Qd3+ 29. Ke1 Nf3#  0-1

[Event "1st 4NCL Easter Congress"]
[Site "Stevenage"]
[Date "2019.04.21"]
[Round "5"]
[Board "16"]
[White "Hughes, Peter"]
[Black "Shenbagakumar, Gautham"]
[Result "1/2-1/2"]
[WhiteElo "1820"]
[BlackElo "1507"]
[PlyCount "64"]
[EventDate "2019.04.19"]
[EventRounds "7"]
[EventCountry "ENG"]

1. d4 Nf6 2. c4 e6 3. Nc3 Bb4 4. e3 O-O 5. Nge2 d5 6. a3 Bxc3+ 7. Nxc3 b6 8.
cxd5 exd5 9. Bd3 Bb7 10. O-O Nbd7 11. f3 c5 12. Bd2 c4 13. Be2 Re8 14. b3 Rc8
15. bxc4 dxc4 16. e4 a6 17. a4 Qc7 18. Be3 h6 19. Qc1 Qb8 20. Rb1 Qc7 21. Rd1
Qd8 22. Bf2 Kh7 23. Rb4 g5 24. Rxc4 g4 25. Rxc8 Qxc8 26. Bd3 Kg7 27. Qd2 Nf8
28. Be3 Ng6 29. Bxh6+ Kg8 30. Qg5 Nh7 31. Qd2 Nf6 32. Qg5 Nh7  1/2-1/2

[Event "1st 4NCL Easter Congress"]
[Site "Stevenage"]
[Date "2019.04.21"]
[Round "5"]
[Board "17"]
[White "Burgoyne, Peter A"]
[Black "Singha, Swati"]
[Result "1-0"]
[WhiteElo "1633"]
[BlackElo "1427"]
[PlyCount "88"]
[EventDate "2019.04.19"]
[EventRounds "7"]
[EventCountry "ENG"]

1. e4 e5 2. Nf3 Nc6 3. d4 f6 4. Bc4 d6 5. c3 Bg4 6. Qb3 Na5 7. Qa4+ c6 8. Be2
b5 9. Qc2 Qd7 10. O-O Nh6 11. Rd1 Bxf3 12. Bxf3 Nf7 13. a4 Nb7 14. axb5 cxb5
15. Be2 Nbd8 16. Na3 Rb8 17. c4 b4 18. Nb5 Rb7 19. f4 exd4 20. Nxd4 Be7 21. c5
O-O 22. c6 b3 23. Qc4 Nxc6 24. Qxc6 Rfb8 25. Qxd7 Rxd7 26. Nc6 Rbb7 27. Nxe7+
Rxe7 28. Bc4 Rxe4 29. Bd5 Ree7 30. Bxb7 Rxb7 31. Be3 g6 32. Rxa7 Rb8 33. Bd4 f5
34. Rc1 Nd8 35. Rcc7 Ne6 36. Bc3 Nxc7 37. Rxc7 d5 38. Rg7+ Kf8 39. Rxh7 Rb5 40.
Kf2 Rb6 41. Rd7 Rb5 42. Ke3 Ke8 43. Rg7 Rb6 44. Kd4 Kd8  1-0

[Event "1st 4NCL Easter Congress"]
[Site "Stevenage"]
[Date "2019.04.21"]
[Round "5"]
[Board "18"]
[White "Chiang, Richard"]
[Black "Jacob, Sydney J"]
[Result "0-1"]
[WhiteElo "1569"]
[BlackElo "1820"]
[PlyCount "82"]
[EventDate "2019.04.19"]
[EventRounds "7"]
[EventCountry "ENG"]

1. d4 Nf6 2. Bf4 e6 3. Nf3 c5 4. c3 cxd4 5. cxd4 Nc6 6. Nc3 d6 7. h3 Be7 8. e3
a6 9. Bd3 O-O 10. g4 b5 11. Rg1 Bb7 12. a3 Rc8 13. Ne4 Nxe4 14. Bxe4 g6 15. Bh6
Re8 16. Nh2 d5 17. Bd3 e5 18. dxe5 Nxe5 19. Bf4 Bf6 20. Be2 d4 21. Qxd4 Qxd4
22. exd4 Nd3+ 23. Kf1 Nxf4 24. Bf3 Bxf3 25. Nxf3 Rc2 26. Ne1 Rxb2 27. Rg3 Bxd4
28. Rf3 g5 29. Rd1 Bb6 30. Nd3 Nxd3 31. Rdxd3 Ree2 32. Rd5 Rxf2+ 33. Rxf2 Rxf2+
34. Ke1 Be3 35. Rd6 a5 36. Rd3 Bb6 37. Rd6 Bc7 38. Rd7 Bg3 39. Rd3 Rf3+ 40. Ke2
Rxd3 41. Kxd3 Bd6  0-1

[Event "1st 4NCL Easter Congress"]
[Site "Stevenage"]
[Date "2019.04.21"]
[Round "5"]
[Board "19"]
[White "Volovich, Julia"]
[Black "Shearsby, Jude"]
[Result "1-0"]
[WhiteElo "1753"]
[BlackElo "1290"]
[PlyCount "105"]
[EventDate "2019.04.19"]
[EventRounds "7"]
[EventCountry "ENG"]

1. d4 Nf6 2. c4 g6 3. Nc3 Bg7 4. e4 d6 5. f3 c6 6. Be3 O-O 7. Qd2 a6 8. a4 e5
9. d5 cxd5 10. cxd5 Nbd7 11. Bd3 b6 12. Nge2 Nc5 13. Bc2 Bd7 14. O-O Ne8 15.
Nc1 f5 16. b4 Nb7 17. Qf2 b5 18. axb5 f4 19. Bb6 Qc8 20. Rxa6 g5 21. Rxa8 Qxa8
22. Nb3 Qa3 23. Qd2 Qxb4 24. Qd3 Nc5 25. Nxc5 dxc5 26. Rb1 Qd4+ 27. Qxd4 cxd4
28. Na4 Rf6 29. Bd8 Rf8 30. Be7 Rf7 31. d6 Bf8 32. Bb3 Nxd6 33. Bxf7+ Kxf7 34.
Bxd6 Bxd6 35. Nb6 Be8 36. Nd5 Bb8 37. b6 Bc6 38. Rc1 Bxd5 39. exd5 Ke7 40. b7
Kd6 41. Rc8 Bc7 42. b8=Q Bxb8 43. Rxb8 Kxd5 44. Kf2 g4 45. Ke2 gxf3+ 46. gxf3
Kc4 47. Rc8+ Kd5 48. Kd3 Ke6 49. Rh8 Kf5 50. Rxh7 e4+ 51. fxe4+ Kg4 52. Rf7 f3
53. Kxd4  1-0